000 00485nam a22001697a 4500
005 20251108171728.0
008 250721s1988 xx 000 0 ara d
082 1 4 _a320.54/تلم
100 1 _aتلمي، أفرايم ومناحم
245 1 0 _aمعجم المصطلحات الصهيونية /
264 1 _aعمان :
_bدار الجليل،
_c1988.
300 _a467ص
650 1 7 _aالصهيونية
650 1 7 _aعلم المصطلح
942 _2ddc
_cBK
999 _c61011
_d61011